000 00473nam a2200157 i 4500
001 20977
003 ES-MaACL
005 20230906152408.0
007 t|
008 021120s1944 sp ||||1| spa d
100 1 _aAlarcón Capilla, Antonio.
_919137
245 1 3 _aEl enemigo de todos
_b: novela /
_cAntonio Alarcón Capilla.
260 _aMadrid :
_bVictoriano Suárez,
_c1944 (
_fGráficas Sánchez)
300 _a350 p. ;
_c21 cm.
852 _aES-MaACL
_jF-16318
_bR.21383
999 _c20977
_d20977